00937pam 2200277 a 4500001000800000005001700008008004100025035002100066906004500087010001700132020003100149040001800180050002100198082001500219100003500234245003900269260004300308300002500351490003100376500006200407650001600469650002200485800006000507991006000567099003200627375038919821112000000.0820430r19821905nyu 000 0 eng  9(DLC) 82007310 a7bcbccorignewd1eocipf19gy-gencatlg a 82007310  a0486243583 (pbk.) :c$4.50 aDLCcDLCdDLC00aBH39b.S258 198200a700/.12191 aSantayana, George,d1863-1952.10aReason in art /cGeorge Santayana. aNew York :bDover Publications,c1982. aix, 230 p. ;c20 cm.1 aThe life of reason ;vv. 4 aReprint. Originally published: New York : Scribner, 1905. 0aAesthetics. 0aArtsxPhilosophy.1 aSantayana, George,d1863-1952.tLife of reason ;vv. 4. bc-GenCollhBH39i.S258 1982p00027316311tCopy 1wBOOKS asantayana-reason-1072281852